书目信息 |
| 题名: |
从零开始的女性主义
|
|
| 作者: | 上野千鹤子 , 田房永子 著 ;吕灵芝 译 | |
| 分册: | ||
| 出版信息: | 北京 北京联合出版公司 2021 |
|
| 页数: | 180页 | |
| 开本: | 21cm | |
| 丛书名: | ||
| 单 册: | ||
| 中图分类: | C913.68-49 , C913.68 | |
| 科图分类: | ||
| 主题词: | 妇女学--普及读物 | |
| 电子资源: | ||
| ISBN: | 978-7-5596-5231-7 | |
| 000 | 00762nam0 2200241 450 | |
| 001 | 2250903995 | |
| 005 | 20220928140852.58 | |
| 010 | @a978-7-5596-5231-7@dCNY52.00 | |
| 100 | @a20211019d2021 em y0chiy50 ea | |
| 101 | 1 | @achi@cjpn |
| 102 | @aCN@b110000 | |
| 105 | @aa z 000yy | |
| 200 | 1 | @a从零开始的女性主义@9cong ling kai shi de nv xing zhu yi@f(日)上野千鹤子, (日)田房永子著@g吕灵芝译 |
| 210 | @a北京@c北京联合出版公司@d2021 | |
| 215 | @a180页@c图@d21cm | |
| 606 | 0 | @a妇女学@j普及读物 |
| 690 | @aC913.68-49@v5 | |
| 690 | @aC913.68@v4 | |
| 701 | 0 | @c(日)@a上野千鹤子@9shang ye qian he zi@4著 |
| 701 | 0 | @c(日)@a田房永子@9tian fang yong zi@4著 |
| 702 | 0 | @a吕灵芝@9lv ling zhi@4译 |
| 801 | 0 | @aCN@b91MARC@c20211104 |
| 905 | @aZUCC@dC913.68@e14 | |
| 从零开始的女性主义/(日)上野千鹤子, (日)田房永子著/吕灵芝译.-北京:北京联合出版公司,2021 |
| 180页:图;21cm |
| ISBN 978-7-5596-5231-7:CNY52.00 |
| ● |
| 相关链接 |
|
|
|
正题名:从零开始的女性主义
索取号:C913.68/14
 
预约/预借
| 序号 | 登录号 | 条形码 | 馆藏地/架位号 | 状态 | 备注 |
| 1 | 2000904478 | 2000904478 | 第三书库/ [索取号:C913.68/14] | 在馆 | |
| 2 | 2000904479 | 2000904479 | 第三书库/ [索取号:C913.68/14] | 在馆 | |
| 3 | 2000904480 | 2000904480 | 第三书库/ [索取号:C913.68/14] | 在馆 |